000 00612nmm a2200241 a 4500
003 AR-BaBNM
005 20251128211655.0
008 175020s2003 ||||||||||||||000 | spa||
020 _a950-05-1484-2
040 _cAR-BaBNM
100 1 _aGuionet, Héctor Norberto
245 1 0 _aPetronita
_bun canto a la vida
260 _aBuenos Aires
_bCorregidor
_c2003
300 0 _a222 p.
650 4 _aHISTORIA ARGENTINA
650 4 _aLITERATURA ARGENTINA
650 4 _aINMIGRACION EN ARGENTINA
650 4 _aMUJERES
653 _aNOVELA BIOGRAFICA
655 _aLITERATURA
942 _cBK
998 _cmariana
999 _c20660
_d20660